Ga door naar de inhoud

Избранные романсы и песни ноты

Жанр романса занял в творчестве Н. А. Римского-Корсакова (1844-1908) далеко не центральное место. Однако композитор создал целый ряд камерно-вокальных сочинений, которые сыграли видную роль в романсовой лирике XIX века. Особое предпочтение Римский-Корсаков отдавал текстам Пушкина, А. Толстого, Майко...

Volledige beschrijving

Bewaard in:
Bibliografische gegevens
Hoofdauteur: Римский-Корсаков Н. А.
Formaat: Книга
Taal:Russian
Gepubliceerd in: Санкт-Петербург Планета музыки 2024
Editie:3-е изд., стер.
Onderwerpen:
Online toegang:https://e.lanbook.com/book/366206
https://e.lanbook.com/img/cover/book/366206.jpg
Tags: Voeg label toe
Geen labels, Wees de eerste die dit record labelt!
LEADER 02018nam0a2200349 i 4500
001 366206
003 RuSpLAN
005 20240228125139.0
008 240228s2024 ru gs 000 0 rus
020 |a 978-5-507-48782-0 
040 |a RuSpLAN 
041 0 |a rus 
044 |a ru 
080 |a 784.3 
084 |a 85.943  |2 rubbk 
245 0 0 |a Избранные романсы и песни  |b ноты  |c Римский-Корсаков Н. А. 
250 |a 3-е изд., стер. 
260 |a Санкт-Петербург  |b Планета музыки  |c 2024 
300 |a 96 с. 
504 |a Библиогр.: доступна в карточке книги, на сайте ЭБС Лань 
520 8 |a Жанр романса занял в творчестве Н. А. Римского-Корсакова (1844-1908) далеко не центральное место. Однако композитор создал целый ряд камерно-вокальных сочинений, которые сыграли видную роль в романсовой лирике XIX века. Особое предпочтение Римский-Корсаков отдавал текстам Пушкина, А. Толстого, Майкова, Фета, Гейне. Издание адресовано профессиональным певцам и любителям музыки. 
521 8 |a Книга из коллекции Планета музыки - Музыка и театр 
653 0 |a Римский-Корсаков 
653 0 |a романсы 
653 0 |a камерно-вокальное творчество 
653 0 |a концертмейстерский класс 
653 0 |a камерное пение 
653 0 |a романсовая лирика 
100 1 |a Римский-Корсаков Н. А. 
856 4 |u https://e.lanbook.com/book/366206 
856 4 8 |u https://e.lanbook.com/img/cover/book/366206.jpg 
953 |a https://e.lanbook.com/img/cover/book/366206.jpg